The Flying house 18. (Record no. 116423)
[ view plain ]
| 000 -LEADER | |
|---|---|
| fixed length control field | 00372nam a2200133 a 4500 |
| 005 - DATE AND TIME OF LATEST TRANSACTION | |
| control field | 20140513081054.0 |
| 008 - FIXED-LENGTH DATA ELEMENTS--GENERAL INFORMATION | |
| fixed length control field | 031022s19uu xx 00 eng d |
| 050 ## - LIBRARY OF CONGRESS CALL NUMBER | |
| Classification number | VCD |
| Item number | Fly648 1982 |
| 245 ## - TITLE STATEMENT | |
| Title | The Flying house 18. |
| 260 ## - PUBLICATION, DISTRIBUTION, ETC. (IMPRINT) | |
| Place of publication, distribution, etc | Philippines : |
| Name of publisher, distributor, etc | CBN Asia, |
| Date of publication, distribution, etc | 1982. |
| 440 ## - SERIES STATEMENT/ADDED ENTRY--TITLE | |
| Title | Dreamworks Pictures |
| 500 ## - GENERAL NOTE | |
| General note | Titles: Fit for a King , The Secret Agent |
| Withdrawn status | Lost status | Damaged status | Home library | Current library | Shelving location | Date acquired | Source of acquisition | Cost, normal purchase price | Total Checkouts | Full call number | Barcode | Date last seen | Price effective from | Koha item type |
|---|---|---|---|---|---|---|---|---|---|---|---|---|---|---|
| Elizalde Library | Elizalde Library | Audio Visual Material Section | 09/09/2009 | 150.00 | VCD Fly648 1982 | E452 | 05/13/2014 | 05/13/2014 | Audio Visual Materials |